[Event "CRI-ch (Women)"]
[Site "San Jose"]
[Date "2024.02.10"]
[Round "5"]
[White "Arguedas Bolanos, Sharline"]
[Black "Bogantes Robleto, Karina"]
[Result "1/2-1/2"]
[WhiteElo "1292"]
[BlackElo "1716"]
[PlyCount "61"]
[EventDate "2024.02.03"]
[EventType "swiss"]
[EventRounds "9"]
[EventCountry "CRI"]
[SourceTitle "CB08_2024"]
[SourceDate "2024.02.21"]
[SourceVersion "1"]
[SourceVersionDate "2024.02.21"]
[SourceQuality "1"]

1. d4 d5 2. Nf3 Nf6 3. Bf4 c5 4. e3 Nc6 5. c3 Qb6 6. Qc2 Bf5 7. Qb3 c4 8. Qxb6 axb6 9. Nbd2 b5 10. Ne5 e6 11. Nxc6 bxc6 12. Be2 b4 13. 0-0 bxc3 14. bxc3 Ba3 15. Rab1 Bxb1 16. Rxb1 0-0 17. Bd1 Rfc8 18. h3 c5 19. Rb7 Bc1 20. Nf3 Ne4 21. Ne5 Nxc3 22. Bh5 f6 23. Bf7+ Kh8 24. Bxe6 Ne2+ 25. Kh2 Nxf4 26. Nf7+ Kg8 27. Nh6+ Kf8 28. Rf7+ Ke8 29. Nf5 Nxe6 30. Nd6+ Kd8 31. Nb7+ 1/2-1/2

[Event "CRI-ch (Women)"]
[Site "San Jose"]
[Date "2024.02.10"]
[Round "4"]
[White "Villalta Ramirez, Freivelyn"]
[Black "Arguedas Bolanos, Sharline"]
[Result "0-1"]
[WhiteElo "1553"]
[BlackElo "1292"]
[PlyCount "58"]
[EventDate "2024.02.03"]
[EventType "swiss"]
[EventRounds "9"]
[EventCountry "CRI"]
[SourceTitle "CB08_2024"]
[SourceDate "2024.02.21"]
[SourceVersion "1"]
[SourceVersionDate "2024.02.21"]
[SourceQuality "1"]

1. e4 c5 2. Nf3 e6 3. d4 cxd4 4. Nxd4 Nc6 5. Nxc6 bxc6 6. Bd3 Qc7 7. Qf3 Nf6 8. Bg5 Be7 9. Nd2 d5 10. 0-0 0-0 11. Rfe1 h6 12. Bh4 Nxe4 13. Bxe7 Nxd2 14. Qe2 Qxe7 15. Qxd2 Qf6 16. c4 Rd8 17. Qc2 Bd7 18. b4 Rab8 19. Qa4 dxc4 20. Bxc4 Qc3 21. Rec1 Qxb4 22. Qxb4 Rxb4 23. Rab1 Rdb8 24. Rxb4 Rxb4 25. Bb3 Kf8 26. Rd1 Ke7 27. Rd3 a5 28. a3 Re4 29. Kf1 c5 0-1

[Event "FISU World University"]
[Site "Tornelo INT"]
[Date "2020.10.26"]
[Round "1.25"]
[White "Arguedas Bolanos, Sharline"]
[Black "Apellaniz Perez, Estibaliz"]
[Result "1-0"]
[WhiteElo "1319"]
[BlackElo "1363"]
[PlyCount "79"]
[EventDate "2020.10.26"]
[EventType "team-swiss (rapid)"]
[EventRounds "9"]
[EventCountry "NET"]
[SourceTitle "CBM 199 Extra"]
[Source "ChessBase"]
[SourceDate "2021.01.31"]
[SourceVersion "1"]
[SourceVersionDate "2021.01.31"]
[SourceQuality "1"]
[WhiteTeam "Costa Rica II"]
[BlackTeam "Spain III"]
[WhiteTeamCountry "CRI"]
[BlackTeamCountry "ESP"]

1. d4 d5 2. Nf3 Nc6 3. e3 Bg4 4. h3 Bh5 5. b3 e5 6. dxe5 Nxe5 7. Be2 Qf6 8. Nxe5 Bxe2 9. Qxe2 Qxe5 10. c3 Nf6 11. Bb2 Qe4 12. 0-0 Bd6 13. Qb5+ Nd7 14. Qe2 Qe5 15. g3 0-0-0 16. Na3 a6 17. c4 Qg5 18. Kg2 Nf6 19. cxd5 Qxd5+ 20. Qf3 Qg5 21. Nc4 h5 22. h4 Qg6 23. Na5 c6 24. Rad1 Ne4 25. Rc1 Nd2 26. Rxc6+ Bc7 27. Rxc7+ Kxc7 28. Qxb7+ Kd6 29. Ba3+ Ke6 30. Qc6+ Kf5 31. Qc5+ Kg4 32. Qb4+ Kf5 33. Qf4+ Ke6 34. Qc7 Nxf1 35. Qe7+ Kd5 36. Qc5+ Ke6 37. Qe7+ Kf5 38. Qe4+ Kf6 39. Bb2+ Rd4 40. Bxd4# 1-0

[Event "Pan American-ch U18 Girls"]
[Site "Guayaquil"]
[Date "2019.07.25"]
[Round "7"]
[White "Ramos Donaire, Maria Pradi"]
[Black "Arguedas Bolanos, Sharline"]
[Result "1-0"]
[WhiteElo "1637"]
[BlackElo "1335"]
[PlyCount "90"]
[EventDate "2019.07.21"]
[EventType "swiss"]
[EventRounds "9"]
[EventCountry "ECU"]
[SourceTitle "EXT 2020"]
[Source "ChessBase"]
[SourceDate "2019.10.17"]
[SourceVersion "1"]
[SourceVersionDate "2019.10.17"]
[SourceQuality "1"]

1. e4 c5 2. Nf3 e6 3. d4 cxd4 4. Nxd4 Nc6 5. Be2 Nf6 6. Bg5 Be7 7. Nxc6 dxc6 8. Qxd8+ Bxd8 9. e5 Nd7 10. Bxd8 Kxd8 11. f4 Ke7 12. Nc3 a5 13. Ne4 b5 14. Bf3 Rb8 15. a3 Ba6 16. b4 a4 17. 0-0-0 Rhd8 18. Rd2 Rbc8 19. Rhd1 Nb8 20. Rxd8 Rxd8 21. Rxd8 Kxd8 22. Ng5 Ke7 23. Nxh7 f6 24. exf6+ gxf6 25. g4 Kf7 26. g5 fxg5 27. Nxg5+ Kf6 28. h4 Bc8 29. Ne4+ Kg6 30. Kd2 Bd7 31. Ke3 Na6 32. c3 Nc7 33. Nc5 Be8 34. Kd4 Kf5 35. Nd3 Kf6 36. Kc5 Nd5 37. Bxd5 cxd5 38. Kd6 Kf5 39. Nc5 Kxf4 40. Kxe6 Bh5 41. Kxd5 Be2 42. Ne6+ Kg4 43. Nd4 Bf1 44. Kc5 Kxh4 45. Nxb5 Bxb5 1-0

[Event "Pan American-ch U18 Girls"]
[Site "Santiago de Chile"]
[Date "2018.07.23"]
[Round "3"]
[White "Miller, Rachel"]
[Black "Arguedas Bolanos, Sharline"]
[Result "1-0"]
[WhiteElo "1835"]
[BlackElo "1432"]
[PlyCount "53"]
[EventDate "2018.07.22"]
[EventType "swiss"]
[EventRounds "9"]
[EventCountry "CHI"]
[SourceTitle "EXT 2022"]
[Source "ChessBase"]
[SourceDate "2021.10.06"]
[SourceVersion "1"]
[SourceVersionDate "2021.10.06"]
[SourceQuality "1"]

1. e4 c5 2. Nc3 e6 3. f4 Nc6 4. Nf3 a6 5. d3 Be7 6. g3 b5 7. Bg2 Bb7 8. 0-0 Qc7 9. g4 d6 10. f5 exf5 11. Nd5 Qd8 12. exf5 Nf6 13. Nxf6+ Bxf6 14. g5 Be5 15. Nxe5 dxe5 16. Be3 Qd6 17. Qh5 g6 18. fxg6 fxg6 19. Qh3 Bc8 20. Qf3 Bd7 21. Qf7+ Kd8 22. Rf6 Qc7 23. Rxc6 Bxc6 24. Qf6+ Kd7 25. Bh3+ Ke8 26. Qxh8+ Ke7 27. Bxc5+ 1-0